书目信息 |
| 题名: |
装饰绘画
|
|
| 作者: | 李明伟 编 | |
| 分册: | ||
| 出版信息: | 南宁 广西美术出版社 2003.08 |
|
| 页数: | 79页 | |
| 开本: | 29cm | |
| 丛书名: | 现代设计基础教材丛书 | |
| 单 册: | ||
| 中图分类: | J525 | |
| 科图分类: | ||
| 主题词: | 工艺美术--中国 | |
| 电子资源: | ||
| ISBN: | 7-80674-392-8 | |
| 000 | 00635nam0 2200217 450 | |
| 001 | 1839398828 | |
| 005 | 20180425105715.79 | |
| 010 | @a7-80674-392-8@dCNY26.00 | |
| 100 | @a20100607d2003 km y0chiy0120 ea | |
| 101 | 0 | @achi |
| 102 | @aCN@b450000 | |
| 200 | 1 | @a装饰绘画@Azhuang shi hui hua@f李明伟编@Fli ming wei bian |
| 210 | @a南宁@c广西美术出版社@d2003.08 | |
| 215 | @a79页@d29cm | |
| 225 | 2 | @a现代设计基础教材丛书 |
| 410 | 0 | @12001 @a现代设计基础教材丛书 |
| 606 | 0 | @a工艺美术@x中国 |
| 690 | @aJ525@v4 | |
| 701 | 0 | @a李明伟@Ali ming wei@4编 |
| 801 | 0 | @aCN@b大连网信软件有限公司图书馆·11@c20100607 |
| 905 | @aZUCC@dJ525@eL210 | |
| 装饰绘画/李明伟编.-南宁:广西美术出版社,2003.08 |
| 79页;29cm.-(现代设计基础教材丛书) |
| ISBN 7-80674-392-8:CNY26.00 |
| ● |
| 相关链接 |
|
|
|
正题名:装饰绘画
索取号:J525/L210
 
预约/预借
| 序号 | 登录号 | 条形码 | 馆藏地/架位号 | 状态 | 备注 |
| 1 | 1299033 | 212990334 | 建筑与城市规划学院资料室/ [索取号:J525/L210] | 在馆 | |
| 2 | 1299034 | 212990343 | 建筑与城市规划学院资料室/ [索取号:J525/L210] | 在馆 |